| 000 | 00868cam8a220022900 4500 | ||
|---|---|---|---|
| 001 | qce00443330 | ||
| 005 | 20190826090349.0 | ||
| 008 | 720728s1957 onc eng u | ||
| 010 | _a 59020696 | ||
| 035 | _a(Sirsi) r16557 | ||
| 035 | _a(QCAT)lss00260646 | ||
| 035 | _a(UPRA)qce00443330 | ||
| 040 | _dUPRA | ||
| 245 | 0 | 4 |
_aThe Book of Canadian poetry : _bA critical and historical anthology. Edited with an introduction and notes by A.J.M. Smith. |
| 250 | _a3rd ed., rev. and enl. | ||
| 260 |
_aToronto : _bW.J. Gage, _c[c1957] |
||
| 504 | _aBibliography: p. 505-521. | ||
| 650 | 0 |
_aCanadian poetry. _6S6929.1 |
|
| 700 | 1 |
_aSmith, A. J. M. (Arthur James Marshall), 1902- _qSmith, A. J. M. (Arthur James Marshall), 1902- _dSmith, A. J. M. (Arthur James Marshall), 1902- _6A63031.1 |
|
| 949 |
_aPR9195.25 _wlcc _i-11557 _mMAIN _tBOOK _lON-SHELF |
||
| 004 | 16557 | ||
| 999 |
_c159008 _d159007 |
||